Vista normal Vista MARC

Entrada Materia (personas)

Número de registros utilizados en: 1

001 - CONTROL NUMBER

  • control field: 51557

003 - CONTROL NUMBER IDENTIFIER

  • control field: Co-BoUCM

005 - DATE AND TIME OF LATEST TRANSACTION

  • control field: 20131128113532.0

008 - FIXED-LENGTH DATA ELEMENTS

  • fixed length control field: 131128|| aca||aabn | a|a d

040 ## - CATALOGING SOURCE

  • Original cataloging agency: Co-BoUCM
  • Transcribing agency: Co-BoUCM

100 ## - HEADING--PERSONAL NAME

  • Personal name: Fernandez, Humberto
  • Dates associated with a name: 1950-

670 ## - SOURCE DATA FOUND

  • Source citation: Work cat.: (Co-BoUCM)182843: Fernandez, Humberto 1950-, Heroin, 2011